Swami Brahmananda as we saw him: (Record no. 189704)
[ view plain ]
| 000 -LEADER | |
|---|---|
| fixed length control field | 00634nam a2200181 4500 |
| 005 - DATE AND TIME OF LATEST TRANSACTION | |
| control field | 20220711151021.0 |
| 010 ## - LCCN (DPL NO) | |
| LC control number | ENG-133461 |
| 020 ## - INTERNATIONAL STANDARD BOOK NUMBER | |
| International Standard Book Number | 9788178235493 |
| Terms of availability | 200.00 |
| 035 ## - SYSTEM CONTROL NUMBER | |
| System control number | EN-116993 |
| 037 ## - SOURCE OF ACQUISITION | |
| Source of stock number/acquisition | DBAD/PUB |
| 082 ## - DEWEY DECIMAL CLASSIFICATION NUMBER | |
| Classification number | 294.5092 |
| 245 ## - TITLE STATEMENT | |
| Title | Swami Brahmananda as we saw him: |
| Remainder of title | Reminiscences of Monastic and Lay Devotees/ |
| Statement of responsibility, etc | Edited by Atmashraddhananda |
| 260 ## - PUBLICATION, DISTRIBUTION, ETC. (IMPRINT) | |
| Place of publication, distribution, etc | Chennai - 4 |
| Name of publisher, distributor, etc | Adhyaksha Shri Ramakrishna Math |
| Date of publication, distribution, etc | 2010 |
| 270 ## - ADDRESS | |
| Address | Shri Ramakrishna Math, Mylapore |
| City | Chennai - 4 |
| Postal code | 600004 |
| 300 ## - PHYSICAL DESCRIPTION | |
| Extent | xii,588p. |
| Dimensions | 22cm(hb) |
| Other physical details | Glossary |
| 700 ## - ADDED ENTRY--PERSONAL NAME | |
| Personal name | ed. by Atmashraddhananda |
| 942 ## - ADDED ENTRY ELEMENTS (KOHA) | |
| Source of classification or shelving scheme | Dewey Decimal Classification |
| Item type | English Books |
| Classification part | 294.5092 |
| Call number suffix | SWA |
| Withdrawn status | Lost status | Not for loan | Collection code | Home library | Current library | Date acquired | Source of acquisition | Cost, normal purchase price | Full call number | Barcode | Copy number | Cost, replacement price | Koha item type |
|---|---|---|---|---|---|---|---|---|---|---|---|---|---|
| Non-fiction | Ashok Vihar | Ashok Vihar | 11/07/2022 | DBAD/PUB | 200.00 | 294.5092 SWA | EN-116993 | 1 | 200.00 | English Books |
